McCormack on communicating. (Record no. 96193)

MARC details
000 -LEADER
fixed length control field 00757cam a2200229 4500
008 - FIXED-LENGTH DATA ELEMENTS--GENERAL INFORMATION
fixed length control field 090401t1996 xxu||||| |||| 00| 0 eng d
020 ## - INTERNATIONAL STANDARD BOOK NUMBER
International Standard Book Number 0712675035
035 ## - SYSTEM CONTROL NUMBER
System control number (Sirsi) u76510
041 ## - LANGUAGE CODE
Language code of text/sound track or separate title eng
050 ## - LIBRARY OF CONGRESS CALL NUMBER
Classification number 658.45
100 ## - MAIN ENTRY--PERSONAL NAME
Personal name McCormack, Mark H
245 ## - TITLE STATEMENT
Title McCormack on communicating.
260 ## - PUBLICATION, DISTRIBUTION, ETC.
Place of publication, distribution, etc. London
Name of publisher, distributor, etc. Century Business
Date of publication, distribution, etc. 1996
300 ## - PHYSICAL DESCRIPTION
Extent 184p. ; 20cm.
350 ## - PRICE (NR) (BK AM CF MU VM SE) [OBSOLETE]
Price 9.99
520 ## - SUMMARY, ETC.
Summary, etc. Aims to get readers to think more clearly about how they communicate with other people by talking or writing. How to explain, persuade and inform without upsetting or offending people.
650 ## - SUBJECT ADDED ENTRY--TOPICAL TERM
Topical term or geographic name entry element COMMUNICATION
650 ## - SUBJECT ADDED ENTRY--TOPICAL TERM
Topical term or geographic name entry element MANAGEMENT
690 ## - LOCAL SUBJECT ADDED ENTRY--TOPICAL TERM (OCLC, RLIN)
Topical term or geographic name as entry element MANAGEMENT-BUSINESS MANAGEMENT-PROFESSIONAL PRACTICE
942 ## - ADDED ENTRY ELEMENTS (KOHA)
Suppress in OPAC 0
948 ## - LOCAL PROCESSING INFORMATION (OCLC); SERIES PART DESIGNATOR (RLIN)
c (OCLC) 04/03/1997
Holdings
Withdrawn status Lost status Source of classification or shelving scheme Damaged status Not for loan Home library Current library Shelving location Date acquired Cost, normal purchase price Total Checkouts Full call number Barcode Date last seen Date last checked out Copy number Cost, replacement price Price effective from Koha item type
    Dewey Decimal Classification     London London Books 13/09/1996 8.49 2 658.45 30051634 06/08/2019 15/05/2001 1 8.49 06/08/2019 Book